[Event "Staufer op-A 28th"]
[Site "Schwaebisch Gmuend"]
[Date "2016.01.03"]
[Round "3"]
[White "Walker, Kevin"]
[Black "Wenninger, Philipp"]
[Result "0-1"]
[WhiteElo "2012"]
[BlackElo "2347"]
[PlyCount "54"]
[EventDate "2016.01.02"]
[EventType "swiss"]
[EventRounds "9"]
[EventCountry "GER"]
[SourceTitle "CBM 170 Extra"]
[Source "ChessBase"]
[SourceDate "2016.02.25"]
[SourceVersion "1"]
[SourceVersionDate "2016.02.25"]
[SourceQuality "1"]

1. e4 c6 2. Nf3 d5 3. exd5 cxd5 4. Ne5 Nc6 5. d4 Nf6 6. Bb5 Bd7 7. Nxd7 Qxd7 8. c3 e6 9. 0-0 Bd6 10. Nd2 Qc7 11. Nf3 h6 12. Re1 0-0 13. Qe2 Ne4 14. h3 a6 15. Bd3 f5 16. Rf1 Rae8 17. Nd2 e5 18. Bxe4 fxe4 19. Nb3 exd4 20. cxd4 Qd7 21. Be3 Bb8 22. Qg4 Qc7 23. g3 Rf6 24. Bf4 Qf7 25. Bxb8 Rxb8 26. a3 Rf8 27. Qe2 Rf3 0-1

[Event "Sontheim blindfold sim"]
[Site "Sontheim"]
[Date "2011.11.26"]
[Round "?"]
[White "Lang, Marc"]
[Black "Walker, Kevin"]
[Result "1-0"]
[WhiteElo "2306"]
[BlackElo "1573"]
[PlyCount "23"]
[EventDate "2011.11.26"]
[EventType "simul"]
[EventRounds "1"]
[EventCountry "GER"]
[SourceTitle "EXT 2013"]
[Source "ChessBase"]
[SourceDate "2012.11.22"]
[SourceVersion "1"]
[SourceVersionDate "2012.11.22"]
[SourceQuality "1"]

1. e4 d6 2. d4 Nf6 3. Nc3 g6 4. f4 Bg7 5. Nf3 c5 6. dxc5 Qa5 7. e5 Ne4 8. cxd6 exd6 9. Qd5 Qxd5 10. Nxd5 Kd8 11. Be3 Be6 12. 0-0-0 1-0